Recycling of used oils /

Bibliographic Details
Corporate Authors: European Congress on the Recycling of Used Oils Paris, France, Commission of the European Communities, European Commission for Regeneration
Format: Conference Proceeding Book
Language:English
French
German
Italian
Published: Dordrecht, Holland ; Boston : D. Reidel Pub. Co. ; [1981]
Subjects:

MARC

Tag First Indicator Second Indicator Subfields
LEADER 00000pam a2200000 a 4500
001 in00000095924
005 20150923173802.0
008 811104s1981 ne a b 10010 eng
010 |a  81019945  
020 |a 9027713693 
035 |a (OCoLC)07976414 
035 |9 AAK8310AM 
039 0 |a 2  |b 3  |c 3  |d 3  |e 3 
040 |a DLC  |c DLC  |d TXA  |d UtOrBLW 
041 0 |a eng  |a fre  |a ger  |a ita 
049 |a TXAM  |c [1673626] 
050 0 0 |a TP687  |b  E95 1980 
082 0 |a 665.5/389  |2 19 
111 2 |a European Congress on the Recycling of Used Oils  |n (2nd :  |d 1980 :  |c Paris, France) 
245 1 0 |a Recycling of used oils /  |c Second European Congress on the Recycling of Used Oils, Paris, September 30-October 2, 1980 ; supported by the Commission of the European Communities ; and organized by the European Commission for Regeneration of the European Union of Independent Lubricant Manufacturers. 
264 1 |a Dordrecht, Holland ;  |a Boston :  |b D. Reidel Pub. Co. ;  |c [1981] 
264 2 |a  Hingham, Mass :  |b Sold and distributed in the U.S.A. and Canada by Kluwer Boston, 
264 4 |c ©1981 
300 |a xvi, 366 pages :  |b illustrations ;  |c 24 cm. 
336 |a text  |b txt  |2 rdacontent 
337 |a unmediated  |b n  |2 rdamedia 
338 |a volume  |b nc  |2 rdacarrier 
500 |a English, French, German, and Italian. 
504 |a Includes bibliographical references. 
650 0 |a Petroleum waste  |x Recycling  |x Congresses. 
710 2 |a Commission of the European Communities. 
710 2 |a European Commission for Regeneration. 
999 |a MARS 
999 f f |s 78cd1e63-7833-3fcd-b115-79bd613c89f9  |i d8392fc3-4d97-303c-a63e-7203d0069ae6  |t 0 
952 f f |p ric  |a Texas A&M University  |b Rellis Campus  |c Joint Library Facility  |d Remote Storage  |t 0  |e TP687 E95 1980  |h Library of Congress classification  |i unmediated -- volume  |m A14806280281 
998 f f |a TP687 E95 1980  |t 0  |l Remote Storage